Una fundación de Valencia (Hispania) : antítesis de la tesis actual /

Bibliographic Details
Main Author: Martí Matias, Miquel Ramon
Format: eBook
Language:Spanish
Published: Oxford : John and Erica Hedges Limited, 2005.
Series:BAR international series ; 1443.
Subjects:
Online Access:Connect to the full text of this electronic book

MARC

Tag First Indicator Second Indicator Subfields
LEADER 00000cam a2200000Mi 4500
001 in00004798607
006 m o d
007 cr |||||||||||
008 060105s2005 enkab ob 000 0 spa d
005 20240725152928.9
010 |a  2006361217 
035 |a (OCoLC)on1226194352 
040 |a S2H  |b eng  |e pn  |c S2H  |d OCLCO  |d OCLCF  |d OCLCO  |d UKBRP  |d OCLCL 
020 |a 9781407328874  |q (ebook) 
020 |a 1407328875 
020 |z 9781841717265 
024 7 |a 10.30861/9781841717265.  |2 doi 
028 5 0 |a S1443  |b BAR Publishing 
035 |a (OCoLC)1226194352 
050 0 |a DP402.V22  |b M27 2005 
082 0 0 |a 946.76  |2 22 
049 |a TXAM 
100 1 |a Martí Matias, Miquel Ramon. 
245 1 4 |a Una fundación de Valencia (Hispania) :  |b antítesis de la tesis actual /  |c Miquel Ramon Marti Matias. 
264 1 |a Oxford :  |b John and Erica Hedges Limited,  |c 2005. 
300 |a 1 online resource :  |b illustrations, 1 map. 
336 |a text  |b txt  |2 rdacontent 
337 |a computer  |b c  |2 rdamedia 
338 |a online resource  |b cr  |2 rdacarrier 
490 1 |a BAR international series ;  |v 1443 
504 |a Includes bibliographical references (pages 98-99). 
588 |a Description based on print version record. 
650 0 |a Romans  |z Spain  |z Valencia. 
651 0 |a Valencia (Spain)  |x History. 
650 6 |a Romains  |z Espagne  |z Valence. 
650 7 |a Romans.  |2 fast  |0 (OCoLC)fst01100116 
651 7 |a Spain  |z Valencia.  |2 fast  |0 (OCoLC)fst01204165 
655 7 |a Electronic books.  |2 local 
655 7 |a History.  |2 fast  |0 (OCoLC)fst01411628 
758 |i has work:  |a Una fundación de Valencia (Hispania) (Text)  |1 https://id.oclc.org/worldcat/entity/E39PCG9hQcWCDbjkrpcVJwkhpP  |4 https://id.oclc.org/worldcat/ontology/hasWork 
776 0 8 |i Print version:  |z 9781841717265 
830 0 |a BAR international series ;  |v 1443. 
856 4 0 |u http://proxy.library.tamu.edu/login?url=https://doi.org/10.30861/9781841717265  |z Connect to the full text of this electronic book  |t 0 
955 |a Brtish Archaeological Reprts Pre-2020 
994 |a 92  |b TXA 
999 f f |s ea5ee784-ac3f-445e-ae04-da7f028ab81e  |i dcb67e7a-f968-41a3-80db-0e54f1b3c86a  |t 0 
952 f f |a Texas A&M University  |b College Station  |c Electronic Resources  |d Available Online  |t 0  |e DP402.V22 M27 2005  |h Library of Congress classification 
998 f f |a DP402.V22 M27 2005  |t 0  |l Available Online